<?xml version="1.0" encoding="UTF-8"?><?xml-stylesheet type="text/xsl" href="static/style.xsl"?><OAI-PMH xmlns="http://www.openarchives.org/OAI/2.0/" xmlns:xsi="http://www.w3.org/2001/XMLSchema-instance" xsi:schemaLocation="http://www.openarchives.org/OAI/2.0/ http://www.openarchives.org/OAI/2.0/OAI-PMH.xsd"><responseDate>2026-04-27T20:09:43Z</responseDate><request verb="GetRecord" identifier="oai:uvadoc.uva.es:10324/25672" metadataPrefix="marc">https://uvadoc.uva.es/oai/request</request><GetRecord><record><header><identifier>oai:uvadoc.uva.es:10324/25672</identifier><datestamp>2021-06-23T14:13:29Z</datestamp><setSpec>com_10324_30605</setSpec><setSpec>com_10324_894</setSpec><setSpec>col_10324_41</setSpec></header><metadata><record xmlns="http://www.loc.gov/MARC21/slim" xmlns:doc="http://www.lyncode.com/xoai" xmlns:xsi="http://www.w3.org/2001/XMLSchema-instance" xmlns:dcterms="http://purl.org/dc/terms/" xsi:schemaLocation="http://www.loc.gov/MARC21/slim http://www.loc.gov/standards/marcxml/schema/MARC21slim.xsd">
<leader>00925njm 22002777a 4500</leader>
<datafield tag="042" ind1=" " ind2=" ">
<subfield code="a">dc</subfield>
</datafield>
<datafield tag="720" ind1=" " ind2=" ">
<subfield code="a">Peque Leoz, Iñigo de</subfield>
<subfield code="e">author</subfield>
</datafield>
<datafield tag="260" ind1=" " ind2=" ">
<subfield code="c">2017</subfield>
</datafield>
<datafield tag="520" ind1=" " ind2=" ">
<subfield code="a">La presente tesis doctoral aborda el estudio de la figura de Nicolás Ledesma (1791-1883), maestro de capilla y organista, a través de una reconstrucción biográfica y del análisis de su obra. Esta investigación pretende constatar así el papel destacado que el protagonista jugó en el desarrollo cultural de Bilbao -ciudad en la que trabajó durante más de cincuenta años- y en el resto de España, a la vez que calibrar la vinculación existente entre Ledesma y las distintas iniciativas surgidas alrededor del ámbito musical decimonónico. Al mismo tiempo, trata de comprobar el compromiso que mantuvo con el ámbito pedagógico y con la reforma de la música religiosa, movimiento que a mediados del siglo XIX cobró una gran fuerza. A la hora de abordar la biografía del personaje se ha procedido a elaborar una historia de vida, apoyada en los postulados sociológicos de Pierre Bourdieu y combinados con los distintos enfoques que ofrecen los planteamientos epistemológicos derivados de los “estudios culturales”. En lo que atañe al examen de sus composiciones, la semiótica musical ha jugado un papel central, al tomar como ideas principales para este bloque de la tesis las propuestas de K. Agawu, L. G. Ratner, R. S. Hatten o J. Hepokoski y W. Darcy.</subfield>
</datafield>
<datafield tag="024" ind2=" " ind1="8">
<subfield code="a">http://uvadoc.uva.es/handle/10324/25672</subfield>
</datafield>
<datafield tag="024" ind2=" " ind1="8">
<subfield code="a">b1787330</subfield>
</datafield>
<datafield tag="024" ind2=" " ind1="8">
<subfield code="a">10.35376/10324/25672</subfield>
</datafield>
<datafield ind1=" " ind2=" " tag="653">
<subfield code="a">Ledesma, Nicolás (1791-1883)-Crítica e interpretación</subfield>
</datafield>
<datafield ind1=" " ind2=" " tag="653">
<subfield code="a">Música y Musicología</subfield>
</datafield>
<datafield tag="245" ind1="0" ind2="0">
<subfield code="a">Nicolás Ledesma (1791-1883): maestro de capilla y organista en el siglo XIX español</subfield>
</datafield>
</record></metadata></record></GetRecord></OAI-PMH>